Orthopaedic traction manual

Zapisane w:
Opis bibliograficzny
1. autor: Andrew F Brooker
Format: Książka
Język:Undetermined
Wydane: New York Williams and Wilkins 1980
Hasła przedmiotowe:
Etykiety: Dodaj etykietę
Nie ma etykietki, Dołącz pierwszą etykiete!
Thư viện lưu trữ: Trung tâm Học liệu Trường Đại học Cần Thơ
LEADER 00515nam a2200181Ia 4500
001 CTU_5303
008 210402s9999 xx 000 0 und d
082 |a 190 
082 |b D872 
100 |a Andrew F Brooker 
245 0 |a Orthopaedic traction manual 
245 0 |c Andrew F Brooker, Gerhard Schmeisser 
260 |a New York 
260 |b Williams and Wilkins 
260 |c 1980 
650 |a philosophy 
904 |i Nguyễn Quang Điền, 960712 
980 |a Trung tâm Học liệu Trường Đại học Cần Thơ